zpět

Detail výsledku týmu

Best sportcentrum, Olomouc

Datum a čas kvízu

29.5 Celkem bodů Celkový počet nahraných bodů na tomto kvízu bez doplňovacích otázek.
6. Pořadí na kvízu Konečné umístění týmu na tomto kvízu.

Zaznamenané odpovědi

# Otázka Odpověď Body Výsledky
1. Fenomenální formu na play-off... Aleš Stezka 0
2. Jedním z nejprestižnějších svě... Sparta Praha, 2. místo 1
3. MS v ledním hokeji 2024 v Česk... Polsko 1
4. Pouhé 3 minuty a 49 sekund sta... Lukáš Rousek 1
5. Který tým se v sezóně 2022/23... HC Košice 1
6. Většina obsahu tohoto tématu n... dvakrát 0
7. Jak se jmenoval tento člen Sín... Bohumil Modrý 1
8. Kdo byl kapitánem českoslovens... František Pospíšil 0
9. Přiřaďte zaniklé týmy NHL vlev... 1A 2C 3D 4B 0
10. Která křestní jména měli legen... Jaroslav a Jiří 1